Europa quiz (kilka opcji) - Statystyki

Ogólne statystyki
  • Ten quiz został rozwiązany 114 razy
    98 od ostatniego zresetowania
  • Średni wynik to 8 z 15
Statystyki odpowiedzi
Zagadnienie Odpowiedź % Poprawnych
Jakie państwo w Europie było zamiast Serbii, Chorwacji, Bośni i Hercegowiny, Macedonii Płn., Czarnogóry i Słowenii, aż do 27 kwietnia 1992r. ? Jugosławia
91%
Jakie państwa założyły unie europejską? Francja, Niemcy, Włochy, Holandia, Belgia i Luksemburg
82%
Ile jest państw w unii europejskiej? (2023) 28
73%
Którego spośród wymienionych państw europejskich stolicą jest Podgorica? Czarnogóry
73%
Jakie jest najmniejsze państwo w Europie? Watykan
73%
Co symbolizują gwiazdki na fladze unii europejskiej? jedność, solidarność i harmonię między narodami Europy
64%
Na jakiej półkuli leży Europa? Północnej
64%
W jakich strefach klimatycznych leży Europa? Umiarkowanej, okołobiegunowej i podzwrotnikowej
55%
Ile jest niepodległych państw w Europie? 46
45%
Gdzie był zawarty pokój religijny w 1555 roku? W Augsburgu
45%
W którym europejskim państwie narodziła się epoka renesansu? We Włoszech
45%
Kiedy mur berliński upadł? 9 listopada 1989 roku.
36%
Nad jaką rzeką leży stolica Wielkiej Brytanii? Nad rzeką Tamizą
36%
Jaką powierzchnie ma Europa? 10 530 000 km²
27%
W którym państwie znajduje się najwyższy budynek w Europie? W Rosji
9%
Nie znaleziono quizów pasujących do podanych kryteriów
Rozkład punktacji
Procent ludzi z każdym wynikiem
Percentyl według liczby udzielonych odpowiedzi
Twoja historia wyników
Nie rozwiązałeś tego quizu od ostatniego zresetowania